Statistics for Top 5 Best MLB teams of the 60's

Click here to take the quiz!

General Stats

  • This quiz has been taken 52 times
  • The average score is 4 of 5

Answer Stats

WinsTeam% Correct
887New York Yankees
98%
884St. Louis Cardinals
83%
902San Francisco Giants
80%
911Baltimore Orioles
72%
882Detroit Tigers
57%

Score Distribution

Percentile by Number Answered

Percent of People with Each Score

Your Score History

You have not taken this quiz